00696nam a2200205Ia 4500008004100000040001800041041000800059100003700067245008100104260004100185300001600226490003700242600007600279650001900355650002500374650001600399650003800415650002500453650001200478130821s1927 fr gr fre  aCo-BoUCMbspa afre1 aGilson, Etienne Henryd1884-197813aLe ThomismecEtienne Henry Gilson ; introducción de Santo Thomas de Aquino aParís (Francia)bPhilosophiec1927 a[1 volumen] aEstudes de Philosophie Medievale aTomás de AquinocSantod1225-1274xCrítica e interpretación, etc.04aEscolasticismo04aFilosofía medieval04aFilosofía04aFilosofíaxHistoriayEdad Media04aPadres de la iglesia04aTomismo